| 000 | 00628nam a22002297a 4500 | ||
|---|---|---|---|
| 001 | 86560 | ||
| 003 | UA-OsUOA | ||
| 005 | 20211105210713.0 | ||
| 007 | ta | ||
| 008 | 20120906b un ||||| |||| 00| 0 ukr d | ||
| 040 |
_aUA-OsUOA _brus _cUA-OsUOA _dUA-OsUOA |
||
| 041 | _arus | ||
| 080 | _a94(470+571) | ||
| 090 |
_a94(470+571) _bС54 |
||
| 100 | _aСоболев Г. Л. | ||
| 245 | _aПетроградский гарнизон в борьбе за победу Октября | ||
| 260 |
_aЛенинград _bНаука _c1985 |
||
| 300 | _a312 с. | ||
| 650 | 7 |
_a94 Історія _2UDC |
|
| 942 |
_cBK _2udc |
||
| 955 | _a1 | ||
| 999 |
_c372662 _d372662 |
||